Autobahnen in Rheinland-Pfalz - Statistiken

Allgemein
  • Dieses Quiz wurde 163 mal gespielt
  • Das Durchschnittsergebnis liegt bei 10 aus 16
Antwortstatistiken
Länge Autobahn % Korrekt
83 km A6
99%
89 km A1
98%
57 km A3
93%
21 km A8
89%
207 km A61
86%
70 km A63
84%
58 km A65
83%
14 km A64
81%
60 km A62
77%
107 km A60
71%
77 km A48
64%
14 km A650
29%
9,4 km A602
22%
3,4 km A571
19%
4,5 km A643
19%
2,2 km A573
18%
Keine übereinstimmenden Quizze gefunden
Verteilung der Resultate
Anzahl Personen mit jedem Resultat
Perzentil nach korrekt beantworteten Fragen
Ihre Resultats-Entwicklung
Sie haben dieses Quiz noch nicht gespielt